<?xml version="1.0" encoding="UTF-8"?><?xml-stylesheet type="text/xsl" href="static/style.xsl"?><OAI-PMH xmlns="http://www.openarchives.org/OAI/2.0/" xmlns:xsi="http://www.w3.org/2001/XMLSchema-instance" xsi:schemaLocation="http://www.openarchives.org/OAI/2.0/ http://www.openarchives.org/OAI/2.0/OAI-PMH.xsd"><responseDate>2026-04-29T06:15:51Z</responseDate><request verb="GetRecord" identifier="oai:repisalud.isciii.es:20.500.12105/26445" metadataPrefix="marc">https://repisalud.isciii.es/rest/oai/request</request><GetRecord><record><header><identifier>oai:repisalud.isciii.es:20.500.12105/26445</identifier><datestamp>2025-12-18T12:58:12Z</datestamp><setSpec>com_20.500.12105_2203</setSpec><setSpec>com_20.500.12105_2202</setSpec><setSpec>col_20.500.12105_19585</setSpec></header><metadata><record xmlns="http://www.loc.gov/MARC21/slim" xmlns:dcterms="http://purl.org/dc/terms/" xmlns:doc="http://www.lyncode.com/xoai" xmlns:xsi="http://www.w3.org/2001/XMLSchema-instance" xsi:schemaLocation="http://www.loc.gov/MARC21/slim http://www.loc.gov/standards/marcxml/schema/MARC21slim.xsd">
   <leader>00925njm 22002777a 4500</leader>
   <datafield ind2=" " ind1=" " tag="042">
      <subfield code="a">dc</subfield>
   </datafield>
   <datafield ind2=" " ind1=" " tag="720">
      <subfield code="a">Instituto de Salud Carlos III. Gabinete de prensa</subfield>
      <subfield code="e">author</subfield>
   </datafield>
   <datafield ind2=" " ind1=" " tag="260">
      <subfield code="c">2025-03-10</subfield>
   </datafield>
   <datafield ind2=" " ind1=" " tag="520">
      <subfield code="a">Una investigación llevada a cabo por investigadoras del Centro Nacional de Epidemiología del Instituto de Salud Carlos III y la Universidad de Murcia ha analizado la evolución del bienestar de la población española durante la pandemia de COVID-19. El estudio, realizado por el equipo de COSMO-Spain, se ha desarrollado en el marco de un proyecto de la Organización Mundial de la Salud (OMS) diseñado para monitorizar el conocimiento, las percepciones de riesgo, los comportamientos preventivos y el bienestar psicológico de la población española durante la pandemia. El estudio COSMO-Spain, analizó entre mayo de 2020 y noviembre de 2022 los conocimientos y la percepción social de la pandemia de COVID-19, ofreciendo información periódica sobre la evolución de parámetros como la adherencia a las recomendaciones, la opinión sobre las vacunas y la búsqueda de información, entre muchos otros. Los hallazgos de esta investigación refuerzan la importancia de adoptar estrategias de salud pública dirigidas a mitigar el impacto de futuras crisis sanitarias en el bienestar psicológico de la población. La identificación de grupos vulnerables puede guiar a los responsables de las políticas para diseñar intervenciones específicas para reducir desigualdades en salud. Además, el estudio destaca la relevancia de la alfabetización en salud y la comunicación eficaz de información sanitaria como factores clave para promover el bienestar y la resiliencia social ante futuras emergencias sanitarias.</subfield>
   </datafield>
   <datafield ind1="8" ind2=" " tag="024">
      <subfield code="a">Nota de prensa y noticia publicada el 10/03/2025.</subfield>
   </datafield>
   <datafield ind1="8" ind2=" " tag="024">
      <subfield code="a">https://hdl.handle.net/20.500.12105/26445</subfield>
   </datafield>
   <datafield tag="653" ind2=" " ind1=" ">
      <subfield code="a">COSMO-SPAIN</subfield>
   </datafield>
   <datafield tag="653" ind2=" " ind1=" ">
      <subfield code="a">COVID-19</subfield>
   </datafield>
   <datafield tag="653" ind2=" " ind1=" ">
      <subfield code="a">Pandemia de COVID-19</subfield>
   </datafield>
   <datafield tag="653" ind2=" " ind1=" ">
      <subfield code="a">España</subfield>
   </datafield>
   <datafield tag="653" ind2=" " ind1=" ">
      <subfield code="a">Bienestar social</subfield>
   </datafield>
   <datafield tag="653" ind2=" " ind1=" ">
      <subfield code="a">Bienestar psicológico</subfield>
   </datafield>
   <datafield ind2="0" ind1="0" tag="245">
      <subfield code="a">Situación socioeconómica, alfabetización en salud, educación y comunicación, claves para el bienestar de la población en la pandemia de COVID-19</subfield>
   </datafield>
</record></metadata></record></GetRecord></OAI-PMH>